[Event "Saint-Lô Open Yves Coquereau"]
[Site "?"]
[Date "2014.07.06"]
[Round "1.1"]
[White "Sinke, Wim"]
[Black "Miron, Lucian Costin"]
[Result "1/2-1/2"]
[WhiteElo "1874"]
[BlackElo "2509"]
[PlyCount "41"]
[EventDate "2014.07.05"]
[SourceDate "2014.07.06"]

1. d4 d5 2. Nf3 e6 3. e3 c5 4. c4 a6 5. cxd5 exd5 6. Qc2 Nd7 7. a4 Ngf6 8. Bd3
Bd6 9. O-O O-O 10. b3 b6 11. Nbd2 Bb7 12. Ba3 Re8 13. Bf5 Rc8 14. Qd3 Qe7 15.
dxc5 bxc5 16. Bb2 Rcd8 17. Rac1 Ne4 18. Rfd1 Ndf6 19. Qc2 c4 20. bxc4 a5 21.
cxd5 1/2-1/2

[Event "Saint-Lô Open Yves Coquereau"]
[Site "?"]
[Date "2014.07.06"]
[Round "1.2"]
[White "Sieciechowicz, Marcin"]
[Black "De Hooghe, Albert"]
[Result "1-0"]
[WhiteElo "2438"]
[BlackElo "1862"]
[PlyCount "97"]
[EventDate "2014.07.05"]
[SourceDate "2014.07.06"]

1. d4 e6 2. c4 Nf6 3. Nf3 b6 4. a3 d5 5. Nc3 Be7 6. cxd5 exd5 7. g3 O-O 8. Bg2
Be6 9. O-O Nbd7 10. Ne5 Nxe5 11. dxe5 Ng4 12. Nxd5 c6 13. Nxe7+ Qxe7 14. Qd6
Qxd6 15. exd6 Bc4 16. Re1 Rad8 17. Bf4 f6 18. Rac1 b5 19. Bxc6 g5 20. Bf3 Nxh2
21. Kxh2 gxf4 22. Rcd1 Rfe8 23. gxf4 Re6 24. Bd5 Bxd5 25. Rxd5 Rdxd6 26. Rxb5
Rb6 27. Rxb6 Rxb6 28. b4 a5 29. bxa5 Rb3 30. Ra1 Rb5 31. a4 Rxa5 32. Kg3 Kf7
33. Kf3 Ke6 34. Ke4 h5 35. Kd4 Kd6 36. Kc4 Kc6 37. Kb4 Kb6 38. Rh1 Rd5 39. e3
Rf5 40. Rh4 Rd5 41. Rh3 Rf5 42. f3 Rd5 43. e4 Rd4+ 44. Kb3 f5 45. exf5 Rxf4 46.
Rxh5 Rxf3+ 47. Kc4 Kc6 48. Rh6+ Kd7 49. f6 1-0

[Event "Saint-Lô Open Yves Coquereau"]
[Site "?"]
[Date "2014.07.06"]
[Round "1.3"]
[White "Tardi, Oscar"]
[Black "Tsyhanchuk, Stanislav"]
[Result "0-1"]
[WhiteElo "1855"]
[BlackElo "2382"]
[PlyCount "81"]
[EventDate "2014.07.05"]
[SourceDate "2014.07.06"]

1. e4 Nf6 2. Nc3 d5 3. exd5 Nxd5 4. Bc4 c6 5. Nf3 g6 6. O-O Bg7 7. d4 O-O 8. h3
Nb6 9. Bb3 a5 10. a3 a4 11. Ba2 Na6 12. Re1 Nc7 13. Bg5 Ne6 14. Be3 Nc7 15. Bg5
Be6 16. Bxe6 Nxe6 17. Be3 Ra5 18. Qd3 Qc7 19. Rad1 Rd8 20. Qe2 Nc8 21. Na2 Nd6
22. c4 Nf5 23. Bd2 Raa8 24. Bc3 Nfxd4 25. Nxd4 Bxd4 26. Qe4 c5 27. Bxd4 cxd4
28. Nb4 Rac8 29. Rc1 Rd7 30. Nd5 Qd6 31. f4 b5 32. f5 gxf5 33. Qxf5 Rxc4 34.
Rxc4 bxc4 35. Nb4 d3 36. Qg4+ Kf8 37. Qxc4 d2 38. Rd1 Nf4 39. g3 Qb6+ 40. Kf1
Nxh3 41. Qe2 0-1

[Event "Saint-Lô Open Yves Coquereau"]
[Site "?"]
[Date "2014.07.06"]
[Round "1.4"]
[White "Bakalarz, Mietek"]
[Black "Bressy, Theo"]
[Result "0-1"]
[WhiteElo "2329"]
[BlackElo "1848"]
[PlyCount "84"]
[EventDate "2014.07.05"]
[SourceDate "2014.07.06"]

1. e4 e5 2. d4 exd4 3. Nf3 Nc6 4. Nxd4 Nf6 5. Nc3 Bb4 6. Nxc6 bxc6 7. Bd3 d5 8.
exd5 cxd5 9. O-O O-O 10. Bg5 Be6 11. Nb5 Be7 12. Nd4 Qd6 13. Bh4 c5 14. Bg3 Qb6
15. Nxe6 fxe6 16. b3 Bd6 17. c4 Bxg3 18. hxg3 d4 19. f4 Rae8 20. Qe2 Qc7 21.
Rae1 Rf7 22. Qf3 Rfe7 23. Re5 Nd7 24. Qh5 h6 25. Qg6 Nf8 26. Qe4 g6 27. g4 Qd6
28. Re1 a5 29. f5 exf5 30. Rxe7 fxe4 31. Rxe8 exd3 32. Rd1 Qg3 33. Rf1 Qe3+ 34.
Rxe3 dxe3 35. Rb1 Ne6 36. Kf1 Nd4 37. Ke1 Kf7 38. Kd1 Ke6 39. a3 Nc2 40. Rc1
Ke5 41. Rxc2 dxc2+ 42. Kxc2 Kd4 0-1

[Event "Saint-Lô Open Yves Coquereau"]
[Site "?"]
[Date "2014.07.06"]
[Round "1.5"]
[White "Baldi, Valentine"]
[Black "Gagarin, Vasilij"]
[Result "0-1"]
[WhiteElo "1843"]
[BlackElo "2312"]
[PlyCount "92"]
[EventDate "2014.07.05"]
[SourceDate "2014.07.06"]

1. d4 d5 2. c4 c6 3. Nc3 Nf6 4. Nf3 e6 5. e3 Nbd7 6. Bd3 dxc4 7. Bxc4 b5 8. Bd3
Bd6 9. e4 e5 10. dxe5 Nxe5 11. Nxe5 Bxe5 12. O-O O-O 13. h3 Re8 14. Qc2 Bb7 15.
Re1 a6 16. Be3 c5 17. Rad1 Qc7 18. Nd5 Bxd5 19. exd5 c4 20. Be2 Ne4 21. Bf3 Nd6
22. Bd2 a5 23. a3 Rab8 24. Rc1 b4 25. axb4 axb4 26. Be2 b3 27. Qb1 Qc5 28. Bf3
Bd4 29. Rf1 Ra8 30. Bf4 Nb5 31. d6 Rad8 32. Be4 c3 33. bxc3 Nxc3 34. Bxh7+ Kh8
35. Qd3 Ne2+ 36. Kh1 Nxf4 37. Rxc5 Nxd3 38. Rh5 Nxf2+ 39. Kh2 Re5 40. Bf5+ Kg8
41. Bh7+ Kf8 42. Bf5 Rxd6 43. g4 g6 44. Bxg6 Rxg6 45. Rh8+ Kg7 46. Rb8 b2 0-1

[Event "Saint-Lô Open Yves Coquereau"]
[Site "?"]
[Date "2014.07.06"]
[Round "1.6"]
[White "Poley, Vladimir"]
[Black "De Lussac, Estephe"]
[Result "1-0"]
[WhiteElo "2279"]
[BlackElo "1843"]
[PlyCount "49"]
[EventDate "2014.07.05"]
[SourceDate "2014.07.06"]

1. Nf3 Nf6 2. g3 c5 3. Bg2 Nc6 4. O-O d5 5. d4 g6 6. dxc5 Bg7 7. Nbd2 O-O 8.
Nb3 Na5 9. c3 Nxb3 10. axb3 Ne4 11. b4 e5 12. Nd2 Ng5 13. Nb3 Nh3+ 14. Kh1 Be6
15. f4 exf4 16. gxf4 Qh4 17. Be3 Rfe8 18. Qe1 Qh5 19. Qg3 Bg4 20. Nd4 Bf6 21.
Bf3 Rxe3 22. Bxg4 Rxg3 23. Bxh5 Re3 24. Bg4 h5 25. Nc2 1-0

[Event "Saint-Lô Open Yves Coquereau"]
[Site "?"]
[Date "2014.07.06"]
[Round "1.7"]
[White "Meier, Anton"]
[Black "Vavric, Pavel"]
[Result "1/2-1/2"]
[WhiteElo "1839"]
[BlackElo "2235"]
[PlyCount "105"]
[EventDate "2014.07.05"]
[SourceDate "2014.07.06"]

1. e4 c5 2. Nf3 e6 3. d3 d5 4. Nbd2 g6 5. g3 Bg7 6. Bg2 Nc6 7. O-O Nf6 8. Re1
O-O 9. c3 e5 10. exd5 Nxd5 11. Nc4 Re8 12. a4 Bf5 13. Ng5 Nb6 14. Ne4 Bxe4 15.
Bxe4 f5 16. Bxc6 bxc6 17. Qb3 Qd5 18. Na5 Qxb3 19. Nxb3 c4 20. dxc4 Nxc4 21.
Nd2 Nd6 22. Nf3 Rab8 23. Rb1 Rb7 24. b4 e4 25. Nd4 c5 26. Ne2 Nc4 27. Rd1 Reb8
28. Bf4 Be5 29. b5 Bxf4 30. Nxf4 a6 31. Rd5 axb5 32. Rxc5 Nd6 33. axb5 Rxb5 34.
Rcxb5 Rxb5 35. Rxb5 Nxb5 36. Ne2 Kf7 37. Kf1 Ke6 38. Ke1 Kd5 39. Kd2 g5 40. h4
h6 41. hxg5 hxg5 42. Ke3 Nd6 43. Nd4 Nc4+ 44. Ke2 f4 45. gxf4 gxf4 46. f3 e3
47. Nf5 Ke5 48. Nd4 Nd6 49. Kd3 Nf5 50. Nc2 Kd5 51. Nb4+ Ke5 52. Nc2 Kd5 53.
Nb4+ 1/2-1/2

[Event "Saint-Lô Open Yves Coquereau"]
[Site "?"]
[Date "2014.07.06"]
[Round "1.8"]
[White "Bourdonnais, Loïc"]
[Black "Bourgois, Gaël"]
[Result "0-1"]
[WhiteElo "2222"]
[BlackElo "1838"]
[PlyCount "92"]
[EventDate "2014.07.05"]
[SourceDate "2014.07.06"]

1. c4 e5 2. Nc3 Nf6 3. g3 Bb4 4. Bg2 Bxc3 5. dxc3 Nc6 6. Nf3 d6 7. O-O Be6 8.
b3 Qd7 9. Ng5 Bf5 10. e4 Bg6 11. Bh3 Qe7 12. Bf5 Bxf5 13. exf5 h6 14. Nf3 Qd7
15. Nh4 Ne7 16. f4 e4 17. g4 O-O-O 18. h3 h5 19. g5 Nxf5 20. Nxf5 Qxf5 21. gxf6
Qxh3 22. Kf2 Qh4+ 23. Ke2 Qxf6 24. Qd4 Qe6 25. f5 Qe7 26. Qxa7 Qh4 27. Qg1 Qh3
28. Be3 d5 29. c5 g5 30. fxg6 fxg6 31. Qxg6 Rdf8 32. Qg7 Rfg8 33. Qg1 Rg2+ 34.
Qxg2 Qxg2+ 35. Rf2 Qg4+ 36. Kd2 h4 37. Rh1 h3 38. Rfh2 Qe6 39. Bd4 Rg8 40. a4
Rg3 41. Kc2 e3 42. Re1 Qe4+ 43. Kb2 Rg2+ 44. Re2 Rxh2 45. Rxh2 e2 46. Bf2 Qf4
0-1

[Event "Saint-Lô Open Yves Coquereau"]
[Site "?"]
[Date "2014.07.06"]
[Round "1.9"]
[White "Busson, Didier"]
[Black "Leconte, Maria"]
[Result "0-1"]
[WhiteElo "1819"]
[BlackElo "2221"]
[PlyCount "98"]
[EventDate "2014.07.05"]
[SourceDate "2014.07.06"]

1. e4 c5 2. Nf3 Nc6 3. d3 g6 4. g3 Bg7 5. Bg2 d6 6. Nbd2 e5 7. O-O Nge7 8. c3
O-O 9. a4 h6 10. Nh4 g5 11. Nhf3 Ng6 12. Nc4 f5 13. exf5 Bxf5 14. Nxg5 d5 15.
Ne3 Qxg5 16. Bxd5+ Kh8 17. Ng2 Qf6 18. g4 Be6 19. g5 hxg5 20. Qh5+ Kg8 21. Bxg5
Qf7 22. Be4 Bf5 23. f4 Bxe4 24. dxe4 exf4 25. Bxf4 Nxf4 26. Nxf4 Qxh5 27. Nxh5
Be5 28. Ng3 Bxg3 29. hxg3 Rad8 30. Rxf8+ Kxf8 31. Rf1+ Ke7 32. Rf2 Rd3 33. Kg2
Re3 34. Rf5 b6 35. Rf4 Re2+ 36. Kf3 Rxb2 37. Rh4 Ne5+ 38. Ke3 Rb3 39. Rh7+ Kf6
40. Kd2 a5 41. Kc2 c4 42. Rh6+ Kg5 43. Re6 Nd3 44. Rc6 Rb2+ 45. Kd1 b5 46. Ra6
b4 47. Rxa5+ Kg4 48. cxb4 c3 49. Rc5 Rd2# 0-1

[Event "Saint-Lô Open Yves Coquereau"]
[Site "?"]
[Date "2014.07.06"]
[Round "1.10"]
[White "Smith, Matthieu"]
[Black "Willems, Niels"]
[Result "1-0"]
[WhiteElo "2158"]
[BlackElo "1810"]
[PlyCount "103"]
[EventDate "2014.07.05"]
[SourceDate "2014.07.06"]

1. Nf3 c5 2. e3 Nf6 3. d4 e6 4. c4 d5 5. Nc3 cxd4 6. exd4 b6 7. Bg5 Bb7 8. cxd5
Bxd5 9. Bb5+ Bc6 10. Bxc6+ Nxc6 11. Bxf6 gxf6 12. d5 Nb4 13. O-O Rg8 14. dxe6
fxe6 15. Qe2 Kf7 16. Rfd1 Qc7 17. Qe4 Qc6 18. Qxh7+ Rg7 19. Qe4 Be7 20. Qxc6
Nxc6 21. Rac1 Rag8 22. g3 Rg4 23. Nb5 Bc5 24. Nxa7 Nxa7 25. Rd7+ Ke8 26. Rxa7
Rxg3+ 27. hxg3 Rxg3+ 28. Kf1 Rxf3 29. b4 Be7 30. Rc8+ Bd8 31. Ke2 Rf4 32. a3 b5
33. Rb7 Rf5 34. Rcb8 Re5+ 35. Kf1 f5 36. Rxb5 Rxb5 37. Rxb5 Kd7 38. Rc5 Be7 39.
Rc2 e5 40. Ke2 Bd6 41. f3 Bf8 42. Kd3 Bd6 43. Rc3 Bf8 44. b5 Bg7 45. Rc6 Bf8
46. a4 Bb4 47. Kc4 Bd2 48. Rf6 e4 49. Rxf5 e3 50. Kd3 Kc7 51. Re5 Kb6 52. Rxe3
1-0

[Event "Saint-Lô Open Yves Coquereau"]
[Site "?"]
[Date "2014.07.07"]
[Round "2.1"]
[White "Zarubitski, Viachaslau"]
[Black "Sieciechowicz, Marcin"]
[Result "1/2-1/2"]
[WhiteElo "1981"]
[BlackElo "2438"]
[PlyCount "113"]
[EventDate "2014.07.05"]
[SourceDate "2014.07.06"]

1. Nf3 Nf6 2. c4 g6 3. b4 Bg7 4. Bb2 O-O 5. e3 d5 6. Be2 c6 7. O-O a5 8. b5 a4
9. a3 cxb5 10. cxb5 Nbd7 11. Nc3 Nb6 12. Rc1 Bg4 13. d4 Bxf3 14. Bxf3 Qd6 15.
e4 dxe4 16. Nxe4 Nxe4 17. Bxe4 Qd7 18. Qe2 Nc8 19. Rfe1 Nd6 20. Bd3 Rfe8 21. b6
Rac8 22. Rxc8 Rxc8 23. Qxe7 Qxe7 24. Rxe7 Rc6 25. d5 Rxb6 26. Bxg7 Kxg7 27. Rd7
Kf8 28. Bc2 Ke8 29. Rc7 Kd8 30. Rc5 Rb2 31. g3 b5 32. Kg2 Ke7 33. Kh3 Ra2 34.
Rc3 Kf6 35. f4 h6 36. Kg4 h5+ 37. Kf3 Ke7 38. Rc7+ Kd8 39. Rc3 Nc4 40. Bxa4
Rxa3 41. Rxa3 Nxa3 42. Bb3 Nc4 43. g4 hxg4+ 44. Kxg4 Ke7 45. Kg5 Nd6 46. Bc2 b4
47. h4 Kf8 48. Kf6 Ne8+ 49. Ke5 Ke7 50. f5 gxf5 51. Kxf5 Nd6+ 52. Kg5 f6+ 53.
Kg6 f5 54. Kg5 Kf7 55. h5 Kg7 56. Bd1 Kh7 57. Kf6 {illisible} 1/2-1/2

[Event "Saint-Lô Open Yves Coquereau"]
[Site "?"]
[Date "2014.07.07"]
[Round "2.2"]
[White "Tsyhanchuk, Stanislav"]
[Black "Auvray, Honorine"]
[Result "1-0"]
[WhiteElo "2382"]
[BlackElo "1987"]
[PlyCount "107"]
[EventDate "2014.07.05"]
[SourceDate "2014.07.06"]

1. e4 c5 2. Nf3 e6 3. b3 a6 4. Bb2 d6 5. Bd3 e5 6. O-O Nf6 7. c3 g6 8. Bc2 Bg7
9. d4 Nc6 10. Nbd2 O-O 11. Re1 Bg4 12. h3 Bxf3 13. Nxf3 Qc7 14. Qd2 Rac8 15.
Rac1 Qa5 16. d5 Ne7 17. a4 Nh5 18. Bd1 f5 19. b4 cxb4 20. cxb4 Qd8 21. Rxc8
Qxc8 22. Qc2 fxe4 23. Ng5 Nf4 24. Qxe4 Qf5 25. Qxf5 gxf5 26. Ne6 Nxe6 27. dxe6
e4 28. Ba3 Be5 29. g4 Bd4 30. gxf5 Rxf5 31. Rxe4 Bxf2+ 32. Kg2 Bb6 33. Rg4+ Kf8
34. Bf3 d5 35. Bb2 Ng6 36. a5 Ba7 37. Bd4 Bxd4 38. Rxd4 Ke7 39. Kg3 Rg5+ 40.
Kf2 Kxe6 41. b5 axb5 42. Rb4 Ne5 43. Be2 Rg7 44. Rxb5 d4 45. h4 d3 46. Bd1 Rd7
47. Ba4 d2 48. Ke2 Nc6 49. Rb6 Ke5 50. Kd1 Rd4 51. Bb3 Rxh4 52. a6 Rb4 53. Rxb4
Nxb4 54. a7 1-0

[Event "Saint-Lô Open Yves Coquereau"]
[Site "?"]
[Date "2014.07.07"]
[Round "2.3"]
[White "Gagarin, Vasilij"]
[Black "Bischofberger, Dario"]
[Result "1/2-1/2"]
[WhiteElo "2312"]
[BlackElo "1971"]
[PlyCount "93"]
[EventDate "2014.07.05"]
[SourceDate "2014.07.06"]

1. Nf3 d5 2. g3 g6 3. Bg2 Bg7 4. O-O e5 5. d3 Ne7 6. c4 c6 7. Nbd2 O-O 8. Rb1
h6 9. b4 Be6 10. Qc2 Nd7 11. a4 Rc8 12. Ba3 Re8 13. Rfc1 b5 14. Qd1 a6 15. Bb2
f6 16. a5 Rc7 17. Rc2 Qb8 18. Ba3 Rec8 19. Rbc1 Bf8 20. h4 Bg7 21. e4 d4 22.
Qf1 g5 23. hxg5 hxg5 24. Nh2 Ng6 25. Bh3 Bxh3 26. Qxh3 Kf7 27. Ndf3 Ne7 28.
Qh5+ Ke6 29. Ne1 Rh8 30. Qg4+ Kf7 31. cxb5 axb5 32. Qd1 Nf8 33. f3 Qc8 34. Rg2
Nfg6 35. Qb3+ Qe6 36. Qxe6+ Kxe6 37. Nc2 Nc8 38. Na1 Bf8 39. Rgc2 Na7 40. Nb3
Bd6 41. Rf1 Rg8 42. Nc5+ Bxc5 43. Rxc5 Nf8 44. Rc2 Nd7 45. Rff2 Nb8 46. Nf1 Na6
47. Rb2 1/2-1/2

[Event "Saint-Lô Open Yves Coquereau"]
[Site "?"]
[Date "2014.07.07"]
[Round "2.4"]
[White "Zamar Kodelja, Jurij"]
[Black "Poley, Vladimir"]
[Result "0-1"]
[WhiteElo "1963"]
[BlackElo "2279"]
[PlyCount "138"]
[EventDate "2014.07.05"]
[SourceDate "2014.07.06"]

1. e4 g6 2. d4 Bg7 3. c3 c6 4. Nf3 d5 5. Bd3 Nh6 6. O-O O-O 7. h3 f6 8. Bf4 Nf7
9. Nbd2 Nd7 10. Qb3 e5 11. Bh2 exd4 12. cxd4 Nb6 13. Rfe1 Be6 14. e5 f5 15. a4
a5 16. Qc3 Qe7 17. Nb3 Rfc8 18. Nc5 Nd8 19. Bf4 Nd7 20. Bg5 Qf8 21. Bxd8 Nxc5
22. dxc5 Rxd8 23. Nd4 Bc8 24. f4 Qe7 25. b4 Qh4 26. Rf1 Bh6 27. Qd2 Re8 28.
Rae1 axb4 29. Bc2 Qd8 30. Qxb4 Qa5 31. Qxa5 Rxa5 32. Nb3 Rxa4 33. g3 Rc4 34.
Rc1 Rc3 35. Kg2 Bd7 36. Rf3 Rc4 37. Na5 Rb4 38. Rb1 Rxb1 39. Bxb1 Bc8 40. h4
Bf8 41. Rc3 Kf7 42. Kf3 Rd8 43. Ba2 Ke7 44. Nb3 Be6 45. Nd4 Ra8 46. Rb3 Bc8 47.
Bb1 Ra6 48. Rc3 Ra4 49. Nb3 Be6 50. Ke3 Kd7 51. Bc2 Ra3 52. Kd2 Be7 53. Kc1 Bd8
54. Kb2 Ra4 55. Nc1 Rb4+ 56. Rb3 Ba5 57. Nd3 Rxb3+ 58. Bxb3 Kc7 59. Ka3 Bd2 60.
Ka4 Bd7 61. Ka3 Bc8 62. Kb2 Be3 63. Kc3 b6 64. cxb6+ Kxb6 65. Ba4 Be6 66. Kc2
c5 67. Ne1 Bf2 68. Nf3 h6 69. Be8 Bxg3 0-1

[Event "Saint-Lô Open Yves Coquereau"]
[Site "?"]
[Date "2014.07.07"]
[Round "2.5"]
[White "Leconte, Maria"]
[Black "Pierrot, Pierre"]
[Result "1/2-1/2"]
[WhiteElo "2221"]
[BlackElo "1960"]
[PlyCount "112"]
[EventDate "2014.07.05"]
[SourceDate "2014.07.06"]

1. e4 c6 2. d4 d5 3. e5 Bf5 4. c4 e6 5. Nc3 Nd7 6. a3 dxc4 7. Bxc4 Nb6 8. Bb3
h6 9. Nge2 Ne7 10. O-O Ned5 11. Ng3 Nxc3 12. bxc3 Bg6 13. f4 Nd5 14. f5 exf5
15. Qf3 f4 16. Bxf4 Be7 17. e6 O-O 18. Be5 Nf6 19. Nf5 fxe6 20. Bxe6+ Kh7 21.
Rab1 b6 22. Qxc6 Bxa3 23. Qb7 Bxf5 24. Rxf5 Qe7 25. Qxe7 Bxe7 26. Rf3 Ng8 27.
Rxf8 Rxf8 28. Rf1 Bf6 29. Bc7 Ne7 30. g3 Nc6 31. d5 Nd8 32. Bf5+ g6 33. Bh3 Kg7
34. d6 Nf7 35. d7 Bd8 36. Bb8 Ng5 37. Bg2 Rxf1+ 38. Kxf1 Kf6 39. Bxa7 Ke6 40.
Bc6 Kd6 41. Bg2 Kc7 42. Ke2 Nf7 43. Ke3 Ne5 44. Kd4 Nxd7 45. Kd5 Nf8 46. Ke5
Be7 47. Bf3 h5 48. Bg2 g5 49. Kf5 Nd7 50. Bf3 h4 51. gxh4 gxh4 52. h3 Nc5 53.
c4 Nd3 54. Bg2 Nb4 55. Be4 Bd8 56. c5 bxc5 1/2-1/2

[Event "Saint-Lô Open Yves Coquereau"]
[Site "?"]
[Date "2014.07.07"]
[Round "2.8"]
[White "Nuta, Dan"]
[Black "Maufray, Hugues"]
[Result "1-0"]
[WhiteElo "2150"]
[BlackElo "1929"]
[PlyCount "99"]
[EventDate "2014.07.05"]
[SourceDate "2014.07.06"]

1. e4 c5 2. Nc3 Nc6 3. f4 e6 4. Nf3 Nge7 5. g3 g6 6. e5 Nf5 7. Ne4 Be7 8. Bg2
O-O 9. O-O d5 10. exd6 Nxd6 11. d3 c4 12. Nxd6 Qxd6 13. dxc4 Qc5+ 14. Kh1 Qxc4
15. b3 Qc3 16. Rb1 Rd8 17. Bb2 Rxd1 18. Bxc3 Rxf1+ 19. Rxf1 Nb4 20. Bxb4 Bxb4
21. Rd1 Be7 22. Ne5 f6 23. Nc4 Kf7 24. Nd6+ Bxd6 25. Rxd6 Ke7 26. Rd2 Rb8 27.
c4 Bd7 28. Kg1 Bc6 29. Kf2 Bxg2 30. Kxg2 Rd8 31. Rxd8 Kxd8 32. Kf3 Kd7 33. Ke4
Kd6 34. b4 b6 35. g4 h6 36. h4 a6 37. g5 hxg5 38. hxg5 f5+ 39. Kd4 a5 40. c5+
bxc5+ 41. bxc5+ Kc6 42. Ke5 Kxc5 43. Kxe6 Kb4 44. Kf6 Ka3 45. Kxg6 Kxa2 46.
Kxf5 a4 47. g6 a3 48. g7 Kb1 49. g8=Q a2 50. Qxa2+ 1-0

[Event "Saint-Lô Open Yves Coquereau"]
[Site "?"]
[Date "2014.07.07"]
[Round "2.10"]
[White "Fayad, Erwan"]
[Black "Kassani, Sam"]
[Result "0-1"]
[WhiteElo "1907"]
[BlackElo "2112"]
[PlyCount "75"]
[EventDate "2014.07.05"]
[SourceDate "2014.07.06"]

1. e4 c5 2. Nf3 g6 3. d4 cxd4 4. Nxd4 Nc6 5. Nc3 Bg7 6. Be3 Nf6 7. Be2 O-O 8.
O-O d5 9. exd5 Nb4 10. d6 Qxd6 11. Ndb5 Qxd1 12. Raxd1 Bf5 13. Bxa7 Nc6 14. Be3
Bxc2 15. Rd2 Bf5 16. Bf3 Ng4 17. Bc5 Nge5 18. Bd5 Bh6 19. Be3 Bxe3 20. fxe3 Bd3
21. Rc1 Nb4 22. Bb3 Rfc8 23. Nd4 Bc4 24. a3 Nbd3 25. Rb1 Bxb3 26. Nxb3 Kg7 27.
Nb5 Nc5 28. Rd5 Nxb3 29. Rxe5 Ra5 30. Rf1 Rc6 31. Rxe7 Rxb5 32. Rfxf7+ Kh6 33.
Rxh7+ Kg5 34. h4+ Kg4 35. Re4+ Kg3 36. Rf7 Rc1+ 37. Rf1 Rxf1+ 38. Kxf1 0-1

[Event "Saint-Lô Open Yves Coquereau"]
[Site "?"]
[Date "2014.07.07"]
[Round "3.1"]
[White "Vitalyos, Marton"]
[Black "Tsyhanchuk, tanislav"]
[Result "0-1"]
[WhiteElo "2046"]
[BlackElo "2382"]
[PlyCount "82"]
[EventDate "2014.07.05"]
[SourceDate "2014.07.06"]

1. d4 Nf6 2. Bg5 e6 3. Bxf6 Qxf6 4. e3 b6 5. Qf3 Qxf3 6. Nxf3 Bb7 7. Nbd2 d6 8.
Bd3 Nd7 9. O-O Be7 10. Rfe1 O-O 11. a4 a5 12. e4 Rad8 13. c3 g5 14. Kh1 g4 15.
Ng1 Bg5 16. Nf1 h5 17. Ne2 Nf6 18. f3 e5 19. Neg3 Kh8 20. fxg4 h4 21. Nf5 Nxg4
22. Re2 exd4 23. cxd4 Rfe8 24. Rae1 Nf6 25. g3 h3 26. Kg1 c5 27. e5 dxe5 28.
Bb5 Rf8 29. dxe5 Ng4 30. Nd6 Bf3 31. Rc2 Bh6 32. Bc4 Nxe5 33. Rf2 Nxc4 34. Nxc4
Bh5 35. Rf6 Bg7 36. Rxb6 f5 37. Re7 f4 38. g4 Bd4+ 39. Kh1 Bf7 40. Ncd2 Bd5+
41. Ne4 Bf6 0-1

[Event "Saint-Lô Open Yves Coquereau"]
[Site "?"]
[Date "2014.07.07"]
[Round "3.2"]
[White "Poley, Vladimir"]
[Black "Gallon, Willy"]
[Result "1-0"]
[WhiteElo "2279"]
[BlackElo "2054"]
[PlyCount "49"]
[EventDate "2014.07.05"]
[SourceDate "2014.07.06"]

1. Nf3 e6 2. g3 d5 3. Bg2 Nf6 4. O-O Bd6 5. d4 Nbd7 6. c4 c6 7. Nbd2 O-O 8. Qc2
Re8 9. b3 e5 10. cxd5 e4 11. dxc6 exf3 12. cxd7 fxg2 13. dxe8=Q+ Qxe8 14. Re1
Qe6 15. Kxg2 Qh3+ 16. Kg1 Bf5 17. e4 Bb4 18. exf5 Ng4 19. Nf3 Bxe1 20. Be3 Bb4
21. Qe4 Bd6 22. Qxb7 Rb8 23. Qxf7+ Kh8 24. Re1 Nf6 25. Qe6 1-0

[Event "Saint-Lô Open Yves Coquereau"]
[Site "?"]
[Date "2014.07.07"]
[Round "3.3"]
[White "Smith, Matthieu"]
[Black "Ronce, Nathan"]
[Result "1/2-1/2"]
[WhiteElo "2159"]
[BlackElo "2008"]
[PlyCount "87"]
[EventDate "2014.07.05"]
[SourceDate "2014.07.06"]

1. Nf3 Nf6 2. d4 d5 3. c4 c6 4. cxd5 cxd5 5. Nc3 Nc6 6. Bf4 Bf5 7. e3 a6 8. Nh4
Bg4 9. f3 Bd7 10. g4 e6 11. Ng2 Rc8 12. Bd3 Bb4 13. Rc1 h6 14. a3 Be7 15. O-O
O-O 16. Qe1 b5 17. Qg3 Re8 18. b4 Bf8 19. Bd6 Bxd6 20. Qxd6 e5 21. Nxd5 Nxd5
22. Qxd5 exd4 23. exd4 Be6 24. Qxd8 Rexd8 25. Be4 Nxd4 26. Rxc8 Bxc8 27. Kf2
Nb3 28. Ke3 Nd2 29. Ra1 Nxe4 30. Kxe4 Bb7+ 31. Ke3 Re8+ 32. Kf2 Rd8 33. Re1 Kf8
34. Re3 Rd2+ $11 35. Kg3 Bd5 36. h4 g5 37. Kh3 Bc4 38. Kg3 f6 39. hxg5 hxg5 40.
f4 Kf7 41. fxg5 fxg5 42. Ne1 Kf6 43. Rc3 Rd1 44. Rf3+ $11 1/2-1/2

[Event "Saint-Lô Open Yves Coquereau"]
[Site "?"]
[Date "2014.07.07"]
[Round "3.4"]
[White "Zuiderweg, Hiddo"]
[Black "Bizovi, Mihai"]
[Result "0-1"]
[WhiteElo "2010"]
[BlackElo "2157"]
[PlyCount "46"]
[EventDate "2014.07.05"]
[SourceDate "2014.07.06"]

1. e4 c5 2. Nf3 e6 3. c3 d5 4. exd5 exd5 5. d4 Nc6 6. Be2 Bd6 7. O-O Nf6 8.
dxc5 Bxc5 9. Nbd2 O-O 10. Nb3 Bb6 11. Bg5 Re8 12. Qc2 h6 13. Bh4 g5 14. Bg3 Ne4
15. Rad1 Bf5 16. Bd3 Rc8 17. Qb1 Qf6 18. Rfe1 h5 19. Nfd4 h4 20. f3 Nxd4 21.
cxd4 Bxd4+ 22. Kf1 hxg3 23. hxg3 Nxg3# 0-1

[Event "Saint-Lô Open Yves Coquereau"]
[Site "?"]
[Date "2014.07.07"]
[Round "3.5"]
[White "Fruchard, Cyrille"]
[Black "Nuta, Dan"]
[Result "1/2-1/2"]
[WhiteElo "2006"]
[BlackElo "2150"]
[PlyCount "80"]
[EventDate "2014.07.05"]
[SourceDate "2014.07.06"]

1. d4 d5 2. c4 e6 3. Nc3 Be7 4. Nf3 Nf6 5. Bg5 h6 6. Bh4 O-O 7. e3 Ne4 8. Bxe7
Qxe7 9. cxd5 Nxc3 10. bxc3 exd5 11. Bd3 c5 12. O-O Nc6 13. Qd2 Bg4 14. Kh1 Rac8
15. Rab1 b6 16. Rb5 Qf6 17. Be2 cxd4 18. cxd4 Be6 19. Rc1 Na5 20. Rbb1 Bf5 21.
Rxc8 Rxc8 22. Rc1 Rxc1+ 23. Qxc1 Qc6 24. Qxc6 Nxc6 25. a3 Na5 26. Nd2 Bc2 27.
g3 Kf8 28. Kg2 Ke7 29. f3 f5 30. h3 h5 31. f4 g6 32. Bb5 Nb3 33. Nxb3 Bxb3 34.
Kf2 Bc4 35. Bc6 b5 36. Ke1 a5 37. Kd1 b4 38. axb4 axb4 39. h4 Ba2 40. Kc2 Bc4
1/2-1/2

[Event "Saint-Lô Open Yves Coquereau"]
[Site "?"]
[Date "2014.07.07"]
[Round "3.6"]
[White "Kassani, Sam"]
[Black "Bressy, Theo"]
[Result "1-0"]
[WhiteElo "2112"]
[BlackElo "1848"]
[PlyCount "143"]
[EventDate "2014.07.05"]
[SourceDate "2014.07.06"]

1. d4 Nf6 2. Nf3 c5 3. e3 e6 4. Bd3 a6 5. O-O b5 6. b3 Bb7 7. Bb2 Be7 8. Nbd2
h6 9. Re1 Qc7 10. Rc1 Rg8 11. c4 b4 12. Bf1 g5 13. Ne5 g4 14. Nd3 d6 15. e4 Nc6
16. e5 Nd7 17. Ne4 cxd4 18. exd6 Bxd6 19. Nxd6+ Qxd6 20. c5 Qd5 21. Qd2 Qg5 22.
Qc2 Nde5 23. Kh1 Nxd3 24. Qxd3 O-O-O 25. a3 bxa3 26. Bxa3 Qf4 27. Rc2 Rd5 28.
Bc1 Qc7 29. Qh7 Rgd8 30. Qxh6 d3 31. Rd2 Na5 32. Rb2 Qd7 33. Bd2 Nc6 34. Be3
Nb4 35. Rd2 a5 36. Bg5 Rg8 37. Be3 Ba6 38. Ra1 Nc6 39. b4 Nxb4 40. Rxa5 Qb7 41.
Qf4 Nc6 42. Ra1 Bb5 43. Rda2 Qc7 44. Ra8+ Nb8 45. Qb4 Qc6 46. R8a5 Ba6 47. Kg1
f5 48. Rb1 Kd7 49. Qc3 Qc7 50. Rb6 Bc8 51. c6+ Nxc6 52. Rxd5+ exd5 53. Bxd3 f4
54. Bf5+ Ke7 55. Rxc6 Qxc6 56. Qxc6 Bxf5 57. Bxf4 d4 58. Qd6+ Kf7 59. Qxd4 Re8
60. f3 gxf3 61. Qd5+ Kg6 62. Qxf3 Re1+ 63. Kf2 Re6 64. g4 Bc2 65. h4 Be4 66.
Qb3 Rc6 67. Qg8+ Kf6 68. Qf8+ Ke6 69. Qe8+ Kd5 70. Qe5+ Kc4 71. Qxe4+ Kb5 72.
h5 1-0

[Event "Saint-Lô Open Yves Coquereau"]
[Site "?"]
[Date "2014.07.07"]
[Round "3.7"]
[White "Van Wiele, Kurt"]
[Black "Marimoutou, Loic"]
[Result "1-0"]
[WhiteElo "1886"]
[BlackElo "2081"]
[PlyCount "61"]
[EventDate "2014.07.05"]
[SourceDate "2014.07.06"]

1. e4 e5 2. Nf3 Nc6 3. Bc4 Nf6 4. Ng5 d5 5. exd5 b5 6. Bf1 Nd4 7. c3 Nxd5 8.
cxd4 Qxg5 9. Bxb5+ Kd8 10. Qf3 Bb7 11. O-O exd4 12. d3 Qf6 13. Qg4 Qd6 14. Qxd4
Be7 15. Na3 Bf6 16. Qg4 h5 17. Qg3 Be5 18. Qh4+ Nf6 19. d4 Qd5 20. Qh3 Bd6 21.
Bc4 Qc6 22. Be2 Bxa3 23. bxa3 Re8 24. Be3 Nd5 25. Bf3 Qd6 26. Rab1 Ba6 27. Rfc1
Rc8 28. Rb3 g6 29. Qh4+ Re7 30. Bxd5 Qxd5 31. Bg5 1-0